00757nam a22002297a 4500001000500000005001700005020001800022040002900040050001400069082001000083100002000093245010700113260003200220300002200252505000600274520015800280521001600438521001600454650001400470650001100484700003200495206720231103101226.0 a9780152052515 aFISKHbengcFISKHdFISKH aGV838.E34 a797.2 aAdler, David A. aAmerica's Champion Swimmer:bGertrude Ederle /cWRITTEN BY David A. Adler ILLUSTRATED BY Terry Widener aNew York :bHarcourt,c2000 a32 pages :c28 cm aM aDescribes the life and accomplishments of Gertrude Ederle, the first woman to swim the English Channel and a figure in the early women's rights movement. a800bLexile aMbRaz-Plus aBiography aSports aWidener, TerryeIllustrator